000 00430nam a2200145Ia 4500
008 230917s9999||||xx |||||||||||||| ||und||
040 _e30441
_aMAIN
041 _aEnglish
082 _a301.0973 R119R
100 _aOppenheimer, Martin ,ed.
245 0 _aRadical sociologists and the movement: experiences, lessons and legacies
260 _aPhiladelphia
_bTemple University Press
_c1991
300 _avii, 280 p.
942 _cBK
999 _c100628
_d100628